[Event "Charlotte Southeastern op 3rd"]
[Site "Charlotte"]
[Date "2016.12.18"]
[Round "4"]
[White "Pohl, Klaus A"]
[Black "Panasenko, Nikita A"]
[Result "1/2-1/2"]
[WhiteElo "2037"]
[BlackElo "1989"]
[PlyCount "108"]
[EventDate "2016.12.16"]
[EventType "swiss"]
[EventRounds "5"]
[EventCountry "USA"]
[SourceTitle "CBM 176 Extra"]
[Source "ChessBase"]
[SourceDate "2017.03.02"]
[SourceVersion "1"]
[SourceVersionDate "2017.03.02"]
[SourceQuality "1"]

1. e4 e6 2. d4 d5 3. Nc3 Bb4 4. e5 c5 5. a3 Bxc3+ 6. bxc3 Ne7 7. Qg4 Qc7 8. Qxg7 Rg8 9. Qxh7 cxd4 10. Ne2 Nbc6 11. f4 Bd7 12. Qd3 dxc3 13. Nxc3 a6 14. Rb1 Na5 15. h4 Nc4 16. h5 0-0-0 17. h6 Rg6 18. h7 Rh8 19. Rb3 Nf5 20. Rh3 Bc6 21. Ne2 Bb5 22. Nc3 Bc6 23. Bd2 Nxd2 24. Kxd2 f6 25. Ne2 fxe5 26. Rh5 e4 27. Qc3 Rxh7 28. Rxh7 Qxh7 29. Qc5 e3+ 30. Kc3 Qg7+ 31. Nd4 Nxd4 32. Qxd4 e2 33. Bxe2 Qxd4+ 34. Kxd4 Rxg2 35. Re3 Kd7 36. Bd3 Kd6 37. Rh3 Bb5 38. Rh7 Bxd3 39. cxd3 Ra2 40. Rxb7 Rxa3 41. Rb6+ Kd7 42. Ke5 Rxd3 43. Rd6+ Kc7 44. Rxe6 Re3+ 45. Kxd5 Rxe6 46. Kxe6 a5 47. f5 a4 48. f6 a3 49. f7 a2 50. f8Q a1Q 51. Qc5+ Kb7 52. Qb5+ Kc7 53. Qd7+ Kb8 54. Qe8+ Kc7 1/2-1/2

[Event "Charlotte Southeastern op 3rd"]
[Site "Charlotte"]
[Date "2016.12.17"]
[Round "3"]
[White "Wu, Rochelle"]
[Black "Pohl, Klaus A"]
[Result "1-0"]
[WhiteElo "1924"]
[BlackElo "2037"]
[PlyCount "53"]
[EventDate "2016.12.16"]
[EventType "swiss"]
[EventRounds "5"]
[EventCountry "USA"]
[SourceTitle "CBM 176 Extra"]
[Source "ChessBase"]
[SourceDate "2017.03.02"]
[SourceVersion "1"]
[SourceVersionDate "2017.03.02"]
[SourceQuality "1"]

1. e4 e6 2. d4 d5 3. Nc3 Bb4 4. e5 c5 5. a3 Bxc3+ 6. bxc3 Qa5 7. Bd2 cxd4 8. cxd4 Qa4 9. Qg4 Ne7 10. Bd3 Nbc6 11. Ne2 Nxe5 12. Qxg7 N5g6 13. Nc3 Qd7 14. Bg5 Rf8 15. 0-0 a6 16. f4 Qc7 17. f5 Qxc3 18. fxg6 hxg6 19. Bh6 Rg8 20. Qxf7+ Kd7 21. Rae1 Qxd4+ 22. Kh1 e5 23. Bf8 Rxf8 24. Qxf8 e4 25. Bxe4 b6 26. Bd3 Qh4 27. Rxe7+ 1-0

[Event "US Masters op"]
[Site "Hendersonville"]
[Date "2010.03.14"]
[Round "3"]
[White "Pohl, Klaus A"]
[Black "Harris, Neal D"]
[Result "1-0"]
[WhiteElo "2165"]
[BlackElo "2144"]
[PlyCount "65"]
[EventDate "2010.03.13"]
[EventType "swiss"]
[EventRounds "9"]
[EventCountry "USA"]
[SourceTitle "EXT 2014"]
[Source "ChessBase"]
[SourceDate "2013.11.20"]
[SourceVersion "1"]
[SourceVersionDate "2013.11.20"]
[SourceQuality "1"]

1. g3 d5 2. Nf3 Nf6 3. Bg2 g6 4. 0-0 Bg7 5. d4 0-0 6. c4 dxc4 7. Nc3 Nc6 8. Bf4 Nh5 9. Be3 a6 10. Qa4 Nf6 11. Qxc4 Be6 12. Qd3 Nd5 13. Nxd5 Bxd5 14. a3 Rb8 15. Rac1 e6 16. Bg5 Bf6 17. Bxf6 Qxf6 18. e4 Rbd8 19. exd5 Rxd5 20. Rxc6 bxc6 21. Qxa6 c5 22. dxc5 Qxb2 23. Ne1 Rd1 24. Nd3 Rxf1+ 25. Bxf1 Qd4 26. Qb5 Ra8 27. Qb4 Qa1 28. Qf4 Rxa3 29. Ne5 f5 30. Kg2 Ra5 31. Nd7 Ra2 32. Bc4 Ra7 33. Qe3 1-0

[Event "US Masters op"]
[Site "Hendersonville"]
[Date "2010.03.13"]
[Round "2"]
[White "Pupols, Viktors"]
[Black "Pohl, Klaus A"]
[Result "1/2-1/2"]
[WhiteElo "2197"]
[BlackElo "2165"]
[PlyCount "124"]
[EventDate "2010.03.13"]
[EventType "swiss"]
[EventRounds "9"]
[EventCountry "USA"]
[SourceTitle "EXT 2014"]
[Source "ChessBase"]
[SourceDate "2013.11.20"]
[SourceVersion "1"]
[SourceVersionDate "2013.11.20"]
[SourceQuality "1"]

1. d4 d6 2. g3 Nf6 3. Bg2 g6 4. e4 Nbd7 5. Ne2 Bg7 6. 0-0 0-0 7. c3 c6 8. h3 e5 9. Be3 Qe7 10. Nd2 Re8 11. Qc2 b6 12. dxe5 dxe5 13. Rfd1 Ba6 14. Nf1 Nc5 15. b4 Ncxe4 16. b5 cxb5 17. Bxe4 Nxe4 18. Qxe4 Bb7 19. Qg4 h5 20. Qd7 Bf3 21. Qxe7 Rxe7 22. Rd2 Rc8 23. Rad1 Ree8 24. Nh2 Bc6 25. f3 Bf8 26. Kf2 f6 27. Ng1 Be7 28. Ne2 Kf7 29. f4 Ke6 30. Nf3 Rf8 31. g4 hxg4 32. hxg4 Rh8 33. Neg1 Bxf3 34. Nxf3 e4 35. Nd4+ Kf7 36. Nxb5 Rh2+ 37. Kg3 Rxd2 38. Bxd2 f5 39. Rh1 a6 40. Nd4 Bf6 41. gxf5 Bxd4 42. fxg6+ Kxg6 43. cxd4 Rc2 44. Be3 Rxa2 45. f5+ Kxf5 46. Rh5+ Ke6 47. Rh6+ Kd5 48. Rxb6 Ra1 49. Rb8 Rf1 50. Bf2 Kc4 51. Rb2 Kd3 52. Rb3+ Kc4 53. Ra3 Kb5 54. Re3 a5 55. Rxe4 a4 56. d5 a3 57. Re1 Rxe1 58. Bxe1 Kc4 59. d6 a2 60. d7 a1Q 61. d8Q Qxe1+ 62. Kg2 Qe4+ 1/2-1/2

[Event "US Masters op"]
[Site "Hendersonville"]
[Date "2007.03.14"]
[Round "3"]
[White "Pohl, Klaus A"]
[Black "Andrews, Todd D"]
[Result "0-1"]
[WhiteElo "2215"]
[BlackElo "2366"]
[PlyCount "100"]
[EventDate "2007.03.10"]
[EventType "swiss"]
[EventRounds "9"]
[EventCountry "USA"]
[SourceTitle "EXT 2011"]
[Source "ChessBase"]
[SourceDate "2010.11.26"]
[SourceVersion "1"]
[SourceVersionDate "2010.11.26"]
[SourceQuality "1"]

1. b4 d5 2. Bb2 Qd6 3. a3 e5 4. Nf3 f6 5. d4 e4 6. Nfd2 f5 7. c4 c6 8. Nc3 Nf6 9. Qa4 e3 10. fxe3 Ng4 11. Nd1 Nxh2 12. Rxh2 Qxh2 13. cxd5 Qg3+ 14. Nf2 Bd7 15. Qb3 Be7 16. Nf3 Na6 17. dxc6 bxc6 18. d5 cxd5 19. Qxd5 Rd8 20. Ne5 Rf8 21. Rc1 Qxe3 22. Nfd3 Qg3+ 23. Nf2 Nxb4 24. Qf3 Qxf3 25. exf3 Nd5 26. Nxd7 Kxd7 27. Bxg7 Rg8 28. Bd4 Bxa3 29. Ra1 Bb4+ 30. Kd1 a5 31. Nd3 Ke6 32. Nxb4 axb4 33. Kc2 Rc8+ 34. Kb3 Kd6 35. Bc4 Ra8 36. Ba7 Rgd8 37. Ra5 Nc7 38. Kxb4 Kc6 39. Rc5+ Kb7 40. Rxc7+ Kxc7 41. Be3 Rdb8+ 42. Bb5 Rb7 43. Bf4+ Kd8 44. Bg5+ Kc8 45. Kc4 Ra2 46. g3 Rc7+ 47. Kd4 Ra5 48. Bf1 Kd7 49. Bh3 h5 50. Bf4 Rb7 0-1

[Event "US Masters op"]
[Site "Hendersonville"]
[Date "2007.03.12"]
[Round "1"]
[White "Pohl, Klaus A"]
[Black "Ehlvest, Jaan"]
[Result "0-1"]
[WhiteElo "2215"]
[BlackElo "2675"]
[PlyCount "46"]
[EventDate "2007.03.10"]
[EventType "swiss"]
[EventRounds "9"]
[EventCountry "USA"]
[SourceTitle "EXT 2011"]
[Source "ChessBase"]
[SourceDate "2010.11.26"]
[SourceVersion "1"]
[SourceVersionDate "2010.11.26"]
[SourceQuality "1"]

1. e4 c5 2. d4 cxd4 3. c3 dxc3 4. Nxc3 Nc6 5. Bc4 e6 6. Nf3 Qc7 7. Qe2 Nf6 8. 0-0 Ng4 9. h3 Nge5 10. Nxe5 Nxe5 11. Bb3 a6 12. Be3 b5 13. Rac1 Qb8 14. f4 Nc6 15. f5 Bd6 16. fxe6 dxe6 17. Nd5 Ne5 18. Bd4 exd5 19. Bxe5 Bxe5 20. Bxd5 0-0 21. Rxf7 Rxf7 22. Qh5 Be6 23. Rc8+ Qxc8 0-1

[Event "US Masters op"]
[Site "Hendersonville"]
[Date "2006.03.19"]
[Round "9"]
[White "Pohl, Klaus A"]
[Black "Cheng, Xiao"]
[Result "1/2-1/2"]
[WhiteElo "2270"]
[BlackElo "2239"]
[PlyCount "110"]
[EventDate "2006.03.11"]
[EventType "swiss"]
[EventRounds "9"]
[EventCountry "USA"]
[SourceTitle "EXT 2007"]
[Source "ChessBase"]
[SourceDate "2006.11.23"]
[SourceVersion "1"]
[SourceVersionDate "2006.11.23"]
[SourceQuality "1"]

1. b4 e5 2. a3 d5 3. Bb2 Bd6 4. Nc3 c6 5. e4 d4 6. Nce2 a5 7. c3 dxc3 8. Bxc3 Nf6 9. Ng3 axb4 10. axb4 Rxa1 11. Qxa1 0-0 12. Bc4 Qb6 13. Qa5 Qxa5 14. bxa5 Nbd7 15. Nf3 Nc5 16. d3 Na4 17. Bxe5 Bb4+ 18. Ke2 Nc3+ 19. Bxc3 Bxc3 20. a6 bxa6 21. Rc1 Bb4 22. d4 a5 23. Ne5 Bb7 24. Bb3 c5 25. dxc5 Bxe4 26. Bxf7+ Kh8 27. f3 Bd5 28. Bxd5 Nxd5 29. Ne4 Nf4+ 30. Kf1 a4 31. Rc4 Ra8 32. Rxb4 a3 33. Nc3 Nd5 34. Nd3 Nxc3 35. Nc1 a2 36. Nxa2 Nxa2 37. Rc4 Kg8 38. c6 Kf7 39. c7 Rc8 40. Ke2 Ke6 41. Kd2 Kd5 42. Ra4 Rxc7 43. Rxa2 Re7 44. Kd3 Rb7 45. Re2 Rb3+ 46. Kd2 Rb1 47. f4 Rf1 48. g3 Kd4 49. Re7 Rf2+ 50. Ke1 Rxh2 51. Rxg7 h5 52. Kf1 h4 53. Kg1 hxg3 54. Rxg3 Rh4 55. f5 Rf4 1/2-1/2

[Event "US Masters op"]
[Site "Hendersonville"]
[Date "2006.03.18"]
[Round "7"]
[White "Aliyev, Timur"]
[Black "Pohl, Klaus A"]
[Result "1/2-1/2"]
[WhiteElo "2183"]
[BlackElo "2270"]
[PlyCount "79"]
[EventDate "2006.03.11"]
[EventType "swiss"]
[EventRounds "9"]
[EventCountry "USA"]
[SourceTitle "EXT 2007"]
[Source "ChessBase"]
[SourceDate "2006.11.23"]
[SourceVersion "1"]
[SourceVersionDate "2006.11.23"]
[SourceQuality "1"]

1. e4 Nc6 2. Nc3 Nf6 3. Nf3 e5 4. Bb5 Nd4 5. 0-0 Nxb5 6. Nxb5 c6 7. Nc3 d6 8. d4 Qc7 9. Bg5 Be7 10. h3 0-0 11. Qd3 b5 12. Rfe1 a6 13. Rad1 Re8 14. Bh4 a5 15. Bg3 Bf8 16. Bh2 b4 17. Na4 exd4 18. Qxd4 c5 19. Bxd6 cxd4 20. Bxc7 Bb7 21. Nxd4 Bxe4 22. c4 Rac8 23. Nb5 Bc2 24. Nb6 Bxd1 25. Rxd1 Rxc7 26. Nxc7 Re2 27. Na4 g6 28. Nd5 Ne4 29. f3 Bc5+ 30. Nxc5 Nxc5 31. Nb6 Rxb2 32. Rd5 Ne6 33. Rxa5 Nf4 34. Nd5 Nxg2 35. Ra8+ Kg7 36. Nxb4 Nf4 37. Nd5 Nxh3+ 38. Kf1 Ng5 39. c5 Rc2 40. Rc8 1/2-1/2

[Event "US Masters op"]
[Site "Hendersonville"]
[Date "2006.03.17"]
[Round "5"]
[White "Ludwig, Daniel"]
[Black "Pohl, Klaus A"]
[Result "1-0"]
[WhiteElo "2356"]
[BlackElo "2270"]
[PlyCount "101"]
[EventDate "2006.03.11"]
[EventType "swiss"]
[EventRounds "9"]
[EventCountry "USA"]
[SourceTitle "EXT 2007"]
[Source "ChessBase"]
[SourceDate "2006.11.23"]
[SourceVersion "1"]
[SourceVersionDate "2006.11.23"]
[SourceQuality "1"]

1. e4 e6 2. d4 d5 3. Nc3 Bb4 4. e5 c5 5. a3 Ba5 6. b4 cxd4 7. Nb5 Bc7 8. f4 Ne7 9. Nf3 a6 10. Nxc7+ Qxc7 11. Bd3 Nd7 12. 0-0 Nb6 13. Nxd4 Bd7 14. Be3 Nc6 15. Qg4 g6 16. Nf3 Nc4 17. Bf2 0-0-0 18. Rfb1 Ne7 19. a4 Nf5 20. b5 a5 21. b6 Qb8 22. Ng5 Be8 23. Qe2 h6 24. Nf3 Bc6 25. g4 Ne7 26. Bc5 Kd7 27. Nd4 Rc8 28. Rf1 h5 29. f5 gxf5 30. gxf5 Rhg8+ 31. Kh1 Qxe5 32. fxe6+ fxe6 33. Rf7 Rge8 34. Re1 Qxe2 35. Rxe2 Nd6 36. Bxd6 Kxd6 37. Rxe6+ Kc5 38. Nxc6 Nxc6 39. Rxe8 Rxe8 40. Rxb7 Rb8 41. Rxb8 Nxb8 42. b7 Kb4 43. Bb5 Kc3 44. Kg2 Kxc2 45. Kf3 Kc3 46. Ke3 h4 47. h3 d4+ 48. Ke4 d3 49. Bxd3 Nd7 50. Ke3 Kb4 51. Bb5 1-0

[Event "Minneapolis HB Global op"]
[Site "Minneapolis"]
[Date "2005.05.18"]
[Round "1"]
[White "Balandin, Alex"]
[Black "Pohl, Klaus A"]
[Result "1-0"]
[WhiteElo "2365"]
[BlackElo "2254"]
[PlyCount "73"]
[EventDate "2005.05.18"]
[EventType "swiss"]
[EventRounds "9"]
[EventCountry "USA"]
[SourceTitle "CBM 107"]
[Source "ChessBase"]
[SourceDate "2005.08.01"]
[SourceVersion "1"]
[SourceVersionDate "2005.08.01"]
[SourceQuality "1"]

1. e4 d6 2. d4 Nf6 3. Nc3 Nbd7 4. f3 e5 5. Nge2 c6 6. Be3 Be7 7. Qd2 0-0 8. g4 d5 9. g5 Nh5 10. exd5 Nb6 11. Ng3 Nxd5 12. Nxd5 Qxd5 13. c4 Qe6 14. Nxh5 exd4 15. Qxd4 Bb4+ 16. Kf2 Qg6 17. Nf4 Qc2+ 18. Be2 Bf5 19. c5 Ba5 20. Rac1 Rad8 21. Rxc2 Rxd4 22. Bxd4 Bxc2 23. Rc1 Bf5 24. Bc3 Bc7 25. Nh5 Bg6 26. Ng3 Bf4 27. Rd1 Bxg5 28. Rd7 Re8 29. Rxb7 Be3+ 30. Kf1 Bxc5 31. Bc4 h5 32. Ne4 Bb6 33. Ng5 Rf8 34. Bb4 c5 35. Bc3 h4 36. Ne6 Re8 37. Nf4 1-0

[Event "Calvia U2300 opB"]
[Site "Mallorca"]
[Date "2004.10.23"]
[Round "3"]
[White "Pohl, Klaus A"]
[Black "Bojanic, Vaso"]
[Result "0-1"]
[WhiteElo "2292"]
[BlackElo "2190"]
[PlyCount "100"]
[EventDate "2004.10.22"]
[EventType "swiss"]
[EventRounds "9"]
[EventCountry "ESP"]
[SourceTitle "EXT 2005"]
[Source "ChessBase"]
[SourceDate "2004.11.15"]
[SourceVersion "1"]
[SourceVersionDate "2004.11.15"]
[SourceQuality "1"]

1. e4 e6 2. Nf3 d5 3. exd5 exd5 4. d4 Bd6 5. c4 dxc4 6. Bxc4 Ne7 7. 0-0 0-0 8. Nc3 Bg4 9. h3 Bh5 10. g4 Bg6 11. Ne5 Kh8 12. Qb3 Nbc6 13. Qxb7 Bxe5 14. dxe5 Na5 15. Qa6 Nxc4 16. Qxc4 Bd3 17. Qc5 Bxf1 18. Kxf1 Qd3+ 19. Kg2 Ng6 20. Be3 Rae8 21. Rd1 Qa6 22. f4 Qb7+ 23. Kg3 f6 24. e6 Rxe6 25. f5 Re5 26. Qxa7 Qxb2 27. Bd4 Nf4 28. Bxe5 fxe5 29. Qe3 Qxc3 30. Qxc3 Ne2+ 31. Kf3 Nxc3 32. Rc1 Nxa2 33. Rxc7 Re8 34. Rc4 e4+ 35. Ke3 Kg8 36. g5 Rb8 37. h4 Re8 38. h5 Kf7 39. Rc7+ Re7 40. Rc4 Rb7 41. Kf4 Re7 42. Ke3 h6 43. g6+ Ke8 44. Rc8+ Kd7 45. Rg8 Nb4 46. Kd4 e3 47. Rxg7 e2 48. f6 Nc6+ 49. Kc5 Rxg7 50. fxg7 Ne7 0-1

[Event "Harvard op 27th"]
[Site "Cambridge"]
[Date "1999.09.25"]
[Round "2"]
[White "Lerner, David B"]
[Black "Pohl, Klaus A"]
[Result "1-0"]
[WhiteElo "2010"]
[BlackElo "2230"]
[PlyCount "119"]
[EventDate "1999.09.09"]
[EventType "swiss"]
[EventRounds "4"]
[EventCountry "USA"]
[SourceTitle "EXT 2005"]
[Source "ChessBase"]
[SourceDate "2004.11.15"]
[SourceVersion "1"]
[SourceVersionDate "2004.11.15"]
[SourceQuality "1"]

1. e4 e6 2. Nf3 d5 3. e5 c5 4. b4 cxb4 5. a3 Nc6 6. d4 Nh6 7. axb4 Bxb4+ 8. c3 Be7 9. Bxh6 gxh6 10. Bd3 f5 11. exf6 Bxf6 12. Ne5 0-0 13. f4 Nxe5 14. fxe5 Bg7 15. h4 Bd7 16. Nd2 Rf4 17. Nf3 Be8 18. h5 Qe7 19. Rh3 Rg4 20. Ra2 a5 21. Qb1 Bf8 22. Rb2 Ra7 23. Rf2 b5 24. Nh2 Rg7 25. Rhf3 Bf7 26. Ng4 Rxg4 27. Rxf7 Qxf7 28. Rxf7 Rxf7 29. Qxb5 Rxg2 30. Qxa5 Be7 31. Qa6 Bh4+ 32. Kd1 Bg5 33. Be2 Rg1+ 34. Kc2 Rg2 35. Kb3 Re7 36. Bd3 Rh2 37. Be2 Rg2 38. Bd3 Rg3 39. Kc2 Kg7 40. Kb3 Rh3 41. Kb4 Rxh5 42. c4 Rh4 43. Kc5 Be3 44. Kd6 Kf7 45. Bxh7 Rg4 46. cxd5 exd5 47. Qc8 Rg7 48. e6+ Kf6 49. Qf8+ Kg5 50. Qf5+ Kh4 51. Bg6 Kg3 52. Kxd5 Ra7 53. Ke4 Bg5 54. Qf3+ Kh2 55. Qf2+ Kh1 56. Bh5 Ra3 57. Bf3+ Rxf3 58. Kxf3 Bf6 59. Qe1+ Kh2 60. e7 1-0

[Event "MetroWest CC-11"]
[Site "Natick"]
[Date "1998.11.10"]
[Round "2"]
[White "Glickman, David"]
[Black "Pohl, Klaus A"]
[Result "0-1"]
[WhiteElo "1922"]
[BlackElo "2229"]
[PlyCount "119"]
[EventDate "1998.11.??"]
[EventType "swiss"]
[EventRounds "5"]
[EventCountry "USA"]
[SourceTitle "EXT 2005"]
[Source "ChessBase"]
[SourceDate "2004.11.15"]
[SourceVersion "1"]
[SourceVersionDate "2004.11.15"]
[SourceQuality "1"]

1. e4 e6 2. d4 d5 3. Nc3 Bb4 4. e5 Ne7 5. Bd2 b6 6. f4 Nf5 7. Nf3 Nc6 8. Bb5 Bd7 9. Ne2 Ne3 10. Qc1 Nxg2+ 11. Kf2 Bxd2 12. Qxd2 Nh4 13. Rag1 Nxf3 14. Kxf3 g6 15. h4 Nxe5+ 16. fxe5 Bxb5 17. Nc3 Ba6 18. h5 Qe7 19. hxg6 fxg6 20. Rxg6 Rf8+ 21. Rf6 Rxf6+ 22. exf6 Qxf6+ 23. Qf4 Qe7 24. Qh4 h6 25. Qxe7+ Kxe7 26. Rxh6 Rf8+ 27. Ke3 c5 28. dxc5 bxc5 29. Nxd5+ Kd6 30. Nf4 Bc8 31. Ne2 Rf1 32. Nc3 Bd7 33. Ne4+ Kc6 34. Kd2 Rf5 35. Rh3 Be8 36. Rc3 Bg6 37. b4 Rd5+ 38. Ke3 Bxe4 39. Kxe4 Rd4+ 40. Ke5 Rxb4 41. Kxe6 Ra4 42. a3 Re4+ 43. Kf5 Re2 44. Kf4 Kd5 45. Kf3 Re7 46. Rb3 Kd4 47. a4 Re6 48. a5 Kc4 49. Rb7 Ra6 50. Ke2 Rxa5 51. Rb3 Rb5 52. Ra3 Rb7 53. Kd2 Rd7+ 54. Kc1 Kb4 55. Rb3+ Ka4 56. Rb8 Rd6 57. Rb7 a6 58. Kb2 Rd4 59. Kc3 Rh4 60. Rc7 0-1

[Event "Montreal Interclubs"]
[Site "Montreal"]
[Date "1996.05.04"]
[Round "5"]
[White "Teuton, L Frank"]
[Black "Pohl, Klaus A"]
[Result "1-0"]
[WhiteElo "2178"]
[BlackElo "2148"]
[PlyCount "47"]
[EventDate "1996.02.13"]
[EventType "swiss"]
[EventRounds "5"]
[EventCountry "CAN"]
[SourceTitle "EXT 2022"]
[Source "ChessBase"]
[SourceDate "2021.10.06"]
[SourceVersion "1"]
[SourceVersionDate "2021.10.06"]
[SourceQuality "1"]

1. e4 e6 2. d4 d5 3. Nc3 Bb4 4. Nge2 dxe4 5. a3 Be7 6. Nxe4 Nc6 7. g3 Nf6 8. Bg2 Nxe4 9. Bxe4 Bf6 10. Be3 0-0 11. Qd3 g6 12. h4 e5 13. d5 Ne7 14. h5 Bf5 15. hxg6 hxg6 16. 0-0-0 Qd7 17. Nc3 Rad8 18. f3 Bg7 19. Qe2 Bxe4 20. Nxe4 f6 21. Nc5 Qe8 22. Qc4 Qf7 23. Ne6 Rd7 24. Qh4 1-0

[Event "Clemson op"]
[Site "Clemson"]
[Date "1978.09.??"]
[Round "?"]
[White "Pohl, Klaus A"]
[Black "Smith, Arthur L"]
[Result "1/2-1/2"]
[WhiteElo "2216"]
[BlackElo "2208"]
[PlyCount "92"]
[EventDate "1978.09.25"]
[EventType "swiss"]
[EventRounds "5"]
[EventCountry "USA"]
[SourceTitle "EXT 2024"]
[Source "ChessBase"]
[SourceDate "2023.10.10"]
[SourceVersion "1"]
[SourceVersionDate "2023.10.10"]
[SourceQuality "1"]

1. e4 c5 2. Nf3 d6 3. d4 cxd4 4. Nxd4 Nf6 5. Nc3 g6 6. Be3 Bg7 7. f3 0-0 8. Bc4 Nc6 9. Qd2 Bd7 10. Bb3 Rc8 11. 0-0-0 Ne5 12. h4 Nc4 13. Bxc4 Rxc4 14. h5 Nxh5 15. g4 Nf6 16. Bh6 Nxe4 17. Nxe4 Rxd4 18. Qh2 Be5 19. Qh4 Rxe4 20. fxe4 Qb6 21. c3 Rc8 22. Rh3 Be6 23. Be3 Qa5 24. Qxh7+ Kf8 25. Bd4 Bxd4 26. Rxd4 Ke8 27. e5 Qxe5 28. Qh8+ Qxh8 29. Rxh8+ Kd7 30. Rxc8 Kxc8 31. b3 g5 32. Kd2 Kc7 33. Ke3 Bd7 34. Kf3 e6 35. Rd2 Bc6+ 36. Kg3 Kd7 37. Rh2 Ke7 38. Rh5 Kf6 39. Rh6+ Kg7 40. Rh5 Kg6 41. Rh8 f5 42. gxf5+ exf5 43. Rd8 d5 44. b4 Kh5 45. Rh8+ Kg6 46. Ra8 Kh5 1/2-1/2